Rent reform race-law risk (Record no. 67776)

MARC details
000 -LEADER
fixed length control field 00776cam a2200205 4500
001 - CONTROL NUMBER
control field WB3729-15
008 - FIXED-LENGTH DATA ELEMENTS--GENERAL INFORMATION
fixed length control field 010725n2001 000 0 eng u
035 ## - SYSTEM CONTROL NUMBER
System control number (Sirsi) u113753
245 ## - TITLE STATEMENT
Title Rent reform race-law risk
260 ## - PUBLICATION, DISTRIBUTION, ETC.
Date of publication, distribution, etc. 2001
490 ## - SERIES STATEMENT
Series statement Housing Today
Volume/sequential designation 19 July 2001, 1(1)
520 ## - SUMMARY, ETC.
Summary, etc. Housing association chiefs warn that rent policy restructuring proposals could be in breach of anti-racism legislation if they are not accompanied by an increase in grant rates in regeneration areas. Without this increase it is possible that development may not take place in low value areas.
590 ## - LOCAL NOTE (RLIN)
Local note WB
650 ## - SUBJECT ADDED ENTRY--TOPICAL TERM
Topical term or geographic name entry element RENT CONTROL
650 ## - SUBJECT ADDED ENTRY--TOPICAL TERM
Topical term or geographic name entry element CONVERGENCE
650 ## - SUBJECT ADDED ENTRY--TOPICAL TERM
Topical term or geographic name entry element RACE DISCRIMINATION
650 ## - SUBJECT ADDED ENTRY--TOPICAL TERM
Topical term or geographic name entry element HOUSING ASSOCIATIONS
690 ## - LOCAL SUBJECT ADDED ENTRY--TOPICAL TERM (OCLC, RLIN)
Topical term or geographic name as entry element HOUSING
942 ## - ADDED ENTRY ELEMENTS (KOHA)
Suppress in OPAC 0
Holdings
Withdrawn status Lost status Source of classification or shelving scheme Damaged status Not for loan Home library Current library Shelving location Date acquired Total Checkouts Full call number Barcode Date last seen Copy number Price effective from Koha item type
    Dewey Decimal Classification     London London News article 25/07/2001   WB3729-15 113753-1001 06/08/2019 1 06/08/2019 News article